000
00256nam a22000977a 4500
999
_c
516532
_d
516532
082
_a
TNC A99x54 Ma21
100
_a
Madhuresh
_9
23053
245
_a
Radheshyam Kathavachak
_c
by Madhuresh
260
_a
New Delhi
_b
Rashtriya Natya Vidyalaya
_c
2010
300
_a
143p.